| 000 | 00457nam a22001817a 4500 | ||
|---|---|---|---|
| 008 | 180228b xxu||||| |||| 00| e tur d | ||
| 020 | _a9753169124 | ||
| 041 | _atur | ||
| 050 | _aPL248.E689 | ||
| 100 |
_9340 _aAhmet Erhan |
||
| 245 | _aAnkara - İstanbul Kara Treni | ||
| 250 | _a1.Basım | ||
| 260 |
_aİstanbul _bEverest Yayınları _cAğustos 2001 |
||
| 300 | _a135 Sayfa | ||
| 500 | _aDeneme | ||
| 650 | 0 |
_9145 _aTürk Edebiyatı |
|
| 942 |
_2lcc _cBK |
||
| 999 |
_c1936 _d1898 |
||